[Event "Oberfranken-ch"]
[Site "Schney"]
[Date "2019.01.06"]
[Round "7"]
[White "Horn, Alexander"]
[Black "Wagner, Norbert"]
[Result "0-1"]
[WhiteElo "1823"]
[BlackElo "2005"]
[PlyCount "78"]
[EventDate "2019.01.03"]
[EventType "swiss"]
[EventRounds "7"]
[EventCountry "GER"]
[SourceTitle "CBM 188 Extra"]
[Source "ChessBase"]
[SourceDate "2019.02.28"]
[SourceVersion "1"]
[SourceVersionDate "2019.02.28"]
[SourceQuality "1"]

1. e4 c5 2. c3 e5 3. d4 exd4 4. cxd4 cxd4 5. Qxd4 Nc6 6. Qd1 Nf6 7. Nd2 Bb4 8. Bd3 0-0 9. a3 Bxd2+ 10. Bxd2 Re8 11. Nf3 Nxe4 12. 0-0 d5 13. h3 Qf6 14. Bxe4 dxe4 15. Bc3 Qg6 16. Ne5 Nxe5 17. Bxe5 Bxh3 18. Bg3 e3 19. gxh3 e2 20. Qd5 exf1Q+ 21. Kxf1 Qa6+ 22. Kg1 Rad8 23. Qg5 Qe2 24. Kh2 Qxb2 25. Re1 h6 26. Qa5 Qb6 27. Rxe8+ Rxe8 28. Qxb6 axb6 29. Bd6 f5 30. Kg3 Kf7 31. h4 Ke6 32. Bb4 g5 33. h5 Rd8 34. Kg2 Ke5 35. Kf3 Rd3+ 36. Kg2 Kf4 37. Bf8 Kg4 38. Bxh6 Rxa3 39. Bf8 Ra8 0-1

[Event "Oberfranken-ch"]
[Site "Schney"]
[Date "2019.01.05"]
[Round "5"]
[White "Wunder, Stefan"]
[Black "Wagner, Norbert"]
[Result "1/2-1/2"]
[WhiteElo "2059"]
[BlackElo "2005"]
[PlyCount "48"]
[EventDate "2019.01.03"]
[EventType "swiss"]
[EventRounds "7"]
[EventCountry "GER"]
[SourceTitle "CBM 188 Extra"]
[Source "ChessBase"]
[SourceDate "2019.02.28"]
[SourceVersion "1"]
[SourceVersionDate "2019.02.28"]
[SourceQuality "1"]

1. e4 c5 2. Nc3 Nc6 3. g3 g6 4. Bg2 Bg7 5. d3 Nf6 6. f4 d6 7. Nf3 Bg4 8. Be3 e6 9. h3 Bxf3 10. Qxf3 Rc8 11. 0-0 a6 12. Ne2 Nd7 13. c3 0-0 14. Qf2 Ne7 15. g4 Qc7 16. Ng3 f5 17. Qc2 e5 18. exf5 gxf5 19. Qb3+ Kh8 20. g5 exf4 21. Bxf4 Ng6 22. Nh5 Be5 23. Rae1 b5 24. Qd5 Rb8 1/2-1/2

[Event "Oberfranken-ch"]
[Site "Schney"]
[Date "2019.01.04"]
[Round "3"]
[White "Pfadenhauer, Johannes"]
[Black "Wagner, Norbert"]
[Result "1-0"]
[WhiteElo "2183"]
[BlackElo "2005"]
[PlyCount "97"]
[EventDate "2019.01.03"]
[EventType "swiss"]
[EventRounds "7"]
[EventCountry "GER"]
[SourceTitle "CBM 188 Extra"]
[Source "ChessBase"]
[SourceDate "2019.02.28"]
[SourceVersion "1"]
[SourceVersionDate "2019.02.28"]
[SourceQuality "1"]

1. d4 d5 2. c4 e6 3. Nf3 c6 4. Nc3 dxc4 5. a4 Bb4 6. e3 b5 7. Bd2 Bb7 8. axb5 Bxc3 9. Bxc3 cxb5 10. b3 a5 11. bxc4 b4 12. Bb2 Nf6 13. Bd3 0-0 14. 0-0 Nbd7 15. c5 Bc6 16. Bc2 Qc7 17. Ba4 Rfd8 18. Qe2 Ne4 19. Rfd1 h6 20. Nd2 Nxd2 21. Rxd2 Nf6 22. f3 Bxa4 23. Rxa4 Qc6 24. Qd1 e5 25. Ba1 Ra6 26. Kf2 e4 27. Rda2 Qb5 28. Qe2 Qxe2+ 29. Kxe2 Rda8 30. fxe4 Nxe4 31. Kd3 f5 32. Kc4 Kf7 33. Kb5 Ke6 34. Rxa5 Nc3+ 35. Bxc3 Rxa5+ 36. Rxa5 Rxa5+ 37. Kxb4 Ra8 38. Kc4 Ra4+ 39. Bb4 Ra1 40. d5+ Kd7 41. Kd4 Ra4 42. Kc4 Ra1 43. Kd4 Ra4 44. c6+ Kc8 45. Kc5 Ra1 46. d6 g5 47. Kd5 f4 48. Ke6 Rd1 49. Ba5 1-0

[Event "Ruhrgebiet Verbandsklasse Gruppe 3 1819"]
[Site "Nordrheinwestfalen"]
[Date "2018.10.07"]
[Round "2.1"]
[White "Wagner, Norbert"]
[Black "Sharma, Danesh"]
[Result "1/2-1/2"]
[WhiteElo "2030"]
[BlackElo "1885"]
[PlyCount "81"]
[EventDate "2018.09.23"]
[EventType "team-tourn"]
[EventRounds "9"]
[EventCountry "GER"]
[SourceTitle "EXT 2022"]
[Source "ChessBase"]
[SourceDate "2021.10.06"]
[SourceVersion "1"]
[SourceVersionDate "2021.10.06"]
[SourceQuality "1"]
[WhiteTeam "Brambauer"]
[BlackTeam "Welper SV II"]
[WhiteTeamCountry "GER"]
[BlackTeamCountry "GER"]

1. Nf3 d5 2. d4 Nf6 3. c3 e6 4. Bg5 Be7 5. Nbd2 0-0 6. e3 Nbd7 7. Bd3 c5 8. 0-0 h6 9. Bh4 b6 10. Bg3 Bb7 11. h3 Ne4 12. Bh2 f5 13. Ne1 Ndf6 14. f3 Nxd2 15. Qxd2 c4 16. Bc2 g5 17. Qe2 Bd6 18. Be5 Nh5 19. Qf2 f4 20. exf4 Nxf4 21. Qe3 Bxe5 22. Qxe5 Qf6 23. Rd1 Qxe5 24. dxe5 Kg7 25. Rf2 Rac8 26. Kh2 Rc7 27. Rd4 b5 28. a3 a5 29. g3 Ng6 30. Bxg6 Kxg6 31. f4 Bc6 32. Nc2 Rb7 33. Ne3 b4 34. axb4 axb4 35. g4 gxf4 36. Ng2 bxc3 37. bxc3 Bd7 38. Nxf4+ Kh7 39. Rc2 Rb1 40. Nh5 Kg6 41. Nf6 1/2-1/2

[Event "Ruhrgebiet Verbandsliga Gruppe 2 1718"]
[Site "Germany"]
[Date "2017.11.05"]
[Round "3.3"]
[White "Wagner, Norbert"]
[Black "Birdaini, Becir"]
[Result "0-1"]
[WhiteElo "2022"]
[BlackElo "2010"]
[PlyCount "96"]
[EventDate "2017.09.17"]
[EventType "team-tourn"]
[EventRounds "9"]
[EventCountry "GER"]
[SourceTitle "EXT 2022"]
[Source "ChessBase"]
[SourceDate "2021.10.06"]
[SourceVersion "1"]
[SourceVersionDate "2021.10.06"]
[SourceQuality "1"]
[WhiteTeam "Brambauer"]
[BlackTeam "Altenessen"]
[WhiteTeamCountry "GER"]
[BlackTeamCountry "GER"]

1. Nf3 d5 2. d4 c6 3. c3 Bf5 4. Bf4 e6 5. Qb3 Qb6 6. Nbd2 Nd7 7. e3 h6 8. Be2 Ngf6 9. h3 Be7 10. a4 0-0 11. 0-0 Ne4 12. a5 Qxb3 13. Nxb3 a6 14. Nfd2 Rfe8 15. Nxe4 Bxe4 16. Nd2 Bg6 17. b4 f6 18. Bg3 e5 19. Rfe1 Bd6 20. Nb3 Nf8 21. Nc5 Re7 22. Bf1 Rae8 23. Rec1 Bf7 24. Bd3 g6 25. Bc2 Kg7 26. Ba4 Rc8 27. Ra2 Bb8 28. Bd1 h5 29. Be2 Bd6 30. Nxb7 Rxb7 31. Bxa6 Rcc7 32. Bxb7 Rxb7 33. Rb1 Be8 34. f3 Ne6 35. e4 Nc7 36. a6 Ra7 37. dxe5 Bxe5 38. Bf2 Ra8 39. a7 Nb5 40. Be1 Bxc3 41. exd5 cxd5 42. Rc1 d4 43. Bf2 Bxb4 44. Rc8 Rxc8 45. a8Q Rxa8 46. Rxa8 Kf8 47. Ra4 Bc3 48. Rc4 Bd7 0-1

[Event "Ruhrgebiet Verbandsliga Gruppe 2 1718"]
[Site "Germany"]
[Date "2017.10.08"]
[Round "2.3"]
[White "Frohne, Gerd"]
[Black "Wagner, Norbert"]
[Result "0-1"]
[WhiteElo "2064"]
[BlackElo "2022"]
[PlyCount "92"]
[EventDate "2017.09.17"]
[EventType "team-tourn"]
[EventRounds "9"]
[EventCountry "GER"]
[SourceTitle "EXT 2022"]
[Source "ChessBase"]
[SourceDate "2021.10.06"]
[SourceVersion "1"]
[SourceVersionDate "2021.10.06"]
[SourceQuality "1"]
[WhiteTeam "Gladbeck SG"]
[BlackTeam "Brambauer"]
[WhiteTeamCountry "GER"]
[BlackTeamCountry "GER"]

1. d4 f5 2. Nf3 g6 3. g3 d6 4. Bg2 Bg7 5. 0-0 Nh6 6. c4 c6 7. Nc3 Nf7 8. e4 0-0 9. Re1 e5 10. d5 c5 11. a3 Na6 12. Rb1 Bd7 13. b4 b6 14. Bd2 Rc8 15. b5 Nc7 16. Qc1 h6 17. Nh4 Qf6 18. exf5 gxf5 19. Rb3 Nh8 20. Bh3 Rcd8 21. Nd1 Ng6 22. Ng2 Rf7 23. f4 e4 24. Bc3 Qe7 25. Nde3 Bd4 26. Qb2 Qf6 27. Rd1 Bxc3 28. Qxc3 Qxc3 29. Rxc3 h5 30. Kf2 Kg7 31. Rb1 Kf6 32. a4 Rh7 33. a5 h4 34. g4 fxg4 35. Nxg4+ Kg7 36. axb6 axb6 37. Ra1 Rf8 38. Ra7 Nxf4 39. Nxf4 Rxf4+ 40. Ke1 Bxg4 41. Rxc7+ Kg6 42. Rc6 Bxh3 43. Rxh3 Kf5 44. Rxd6 Ke5 45. Rxb6 Kd4 46. Re6 Rhf7 0-1

[Event "Ruhrgebiet Verbandsliga Gruppe 1 1415"]
[Site "Germany"]
[Date "2014.11.16"]
[Round "3.4"]
[White "Wagner, Norbert"]
[Black "Laarmann, Gerd"]
[Result "1-0"]
[WhiteElo "2017"]
[BlackElo "1891"]
[PlyCount "74"]
[EventDate "2014.09.21"]
[EventType "team-tourn"]
[EventRounds "9"]
[EventCountry "GER"]
[SourceTitle "EXT 2022"]
[Source "ChessBase"]
[SourceDate "2021.10.06"]
[SourceVersion "1"]
[SourceVersionDate "2021.10.06"]
[SourceQuality "1"]
[WhiteTeam "Brambauer"]
[BlackTeam "Steele/Kray Rochade"]
[WhiteTeamCountry "GER"]
[BlackTeamCountry "GER"]

1. d4 d5 2. Bf4 Nf6 3. e3 c6 4. c3 Bf5 5. Qb3 Qb6 6. Nd2 Nbd7 7. h3 e6 8. a4 Be7 9. Ngf3 Ne4 10. a5 Qxb3 11. Nxb3 a6 12. Nbd2 Ndf6 13. g4 Nxd2 14. Nxd2 Bg6 15. f3 Kd7 16. b4 Bd6 17. Nb3 Bxf4 18. exf4 Kc7 19. Kd2 Nd7 20. Re1 Rae8 21. Rh2 f6 22. Rhe2 Bf7 23. f5 exf5 24. Re7 Rxe7 25. Rxe7 Bg6 26. Nc5 Rd8 27. Rxg7 Kc8 28. Ne6 Re8 29. Nf4 Nf8 30. Bd3 fxg4 31. hxg4 Bxd3 32. Nxd3 Nd7 33. Rxh7 f5 34. g5 f4 35. Nxf4 Rf8 36. Ne6 Re8 37. Rh6 Re7 1-0

[Event "Ruhrgebiet Verbandsliga2 1213"]
[Site "Nordrheinwestfalen"]
[Date "2013.04.07"]
[Round "8"]
[White "Nattermueller, Mathias"]
[Black "Wagner, Norbert"]
[Result "1-0"]
[WhiteElo "1940"]
[BlackElo "2061"]
[PlyCount "84"]
[EventDate "2012.09.02"]
[EventType "team-tourn"]
[EventRounds "9"]
[EventCountry "GER"]
[SourceTitle "EXT 2020"]
[Source "ChessBase"]
[SourceDate "2019.10.17"]
[SourceVersion "1"]
[SourceVersionDate "2019.10.17"]
[SourceQuality "1"]
[WhiteTeam "Ahlen SV II"]
[BlackTeam "Doppelbauer Brambauer"]
[WhiteTeamCountry "GER"]
[BlackTeamCountry "GER"]

1. d4 d5 2. Bg5 c6 3. e3 Bf5 4. Bd3 Bg6 5. Nf3 Nd7 6. 0-0 Ngf6 7. Ne5 e6 8. Nd2 Be7 9. Qe2 Nxe5 10. dxe5 Nd7 11. Bf4 Bxd3 12. cxd3 Qb6 13. Rab1 Qa6 14. Nf3 Qxa2 15. Nd4 Qa6 16. b4 Qb6 17. Qg4 g6 18. Rfc1 a6 19. Bg3 h5 20. Qh3 h4 21. f4 Qd8 22. Be1 Kf8 23. Nb3 Kg7 24. Bc3 Rb8 25. Kh1 Qg8 26. e4 Rh5 27. Rf1 Kh7 28. f5 Nf8 29. Nd4 Re8 30. Rf4 exf5 31. exf5 gxf5 32. Nxf5 Ng6 33. Rf3 Bd8 34. d4 f6 35. Nd6 fxe5 36. Rf7+ Kh8 37. Qf3 Rh7 38. dxe5 Nxe5 39. Bxe5+ Rxe5 40. Rf8 Rg5 41. Nf7+ Kg7 42. Nxg5 Qxf8 1-0

[Event "Ruhrgebiet Verbandsliga2 1213"]
[Site "Nordrheinwestfalen"]
[Date "2013.02.03"]
[Round "6.2"]
[White "Wagner, Norbert"]
[Black "Boehm, Juergen1"]
[Result "1-0"]
[WhiteElo "2061"]
[BlackElo "2105"]
[PlyCount "78"]
[EventDate "2012.09.02"]
[EventType "team-tourn"]
[EventRounds "9"]
[EventCountry "GER"]
[SourceTitle "EXT 2020"]
[Source "ChessBase"]
[SourceDate "2019.10.17"]
[SourceVersion "1"]
[SourceVersionDate "2019.10.17"]
[SourceQuality "1"]
[WhiteTeam "Doppelbauer Brambauer"]
[BlackTeam "Brackel SF II"]
[WhiteTeamCountry "GER"]
[BlackTeamCountry "GER"]

1. d4 d5 2. c3 Nf6 3. Bf4 c5 4. e3 Nc6 5. Bd3 Qb6 6. Qb3 c4 7. Qxb6 axb6 8. Bc2 Bg4 9. Nf3 e6 10. Nbd2 Be7 11. 0-0 0-0 12. Rfe1 b5 13. a3 Bf5 14. Bxf5 exf5 15. Ne5 Ne4 16. Nxe4 Nxe5 17. Ng3 Nd3 18. Nxf5 Rfe8 19. Reb1 g6 20. Nxe7+ Rxe7 21. Bd6 Re6 22. Bg3 f5 23. h3 g5 24. b3 f4 25. exf4 gxf4 26. Bh4 f3 27. bxc4 bxc4 28. gxf3 Nf4 29. Rxb7 Ne2+ 30. Kh2 Rae8 31. f4 Nxf4 32. a4 Ne2 33. a5 Ra8 34. Ra3 Raa6 35. Rd7 Nc1 36. Rxd5 Nb3 37. Ra4 Nd2 38. Rf5 Re1 39. Rb4 Rg6 1-0

[Event "Ruhrgebiet Verbandsliga2 1213"]
[Site "Nordrheinwestfalen"]
[Date "2012.09.02"]
[Round "1.2"]
[White "Brueggestrass, Volker"]
[Black "Wagner, Norbert"]
[Result "1/2-1/2"]
[WhiteElo "2065"]
[BlackElo "2061"]
[PlyCount "94"]
[EventDate "2012.09.02"]
[EventType "team-tourn"]
[EventRounds "9"]
[EventCountry "GER"]
[SourceTitle "EXT 2020"]
[Source "ChessBase"]
[SourceDate "2019.10.17"]
[SourceVersion "1"]
[SourceVersionDate "2019.10.17"]
[SourceQuality "1"]
[WhiteTeam "Mengede SG"]
[BlackTeam "Doppelbauer Brambauer"]
[WhiteTeamCountry "GER"]
[BlackTeamCountry "GER"]

1. e4 d5 2. exd5 Qxd5 3. Nc3 Qd6 4. g3 Nf6 5. Bg2 c6 6. Nge2 Bg4 7. d3 e6 8. h3 Bh5 9. Bf4 Qd8 10. Qd2 Nbd7 11. 0-0 Nb6 12. Rae1 Bb4 13. g4 Bg6 14. Bg5 Qd7 15. a3 Bd6 16. Nf4 0-0-0 17. Nxg6 hxg6 18. b4 Rdg8 19. Bxf6 gxf6 20. Ne4 Be7 21. Nc5 Qd6 22. f4 f5 23. g5 Qd4+ 24. Qf2 Qxf2+ 25. Kxf2 Bd6 26. Kg3 Kc7 27. Nb3 Nd7 28. d4 Rd8 29. c4 Kb8 30. Re2 Bc7 31. Rfe1 Nf8 32. Bf3 Bb6 33. Rd2 Bc7 34. Red1 f6 35. d5 exd5 36. cxd5 cxd5 37. gxf6 Ne6 38. Rxd5 Rxd5 39. Rxd5 Nxf4 40. Rd7 Nh5+ 41. Kg2 Nxf6 42. Rf7 Ne4 43. Bxe4 fxe4 44. Re7 Bb6 45. Rxe4 Rd8 46. Rg4 Rd1 47. Rg3 Kc8 1/2-1/2

[Event "Ruhrgebiet Verbandsliga2 1112"]
[Site "Nordrheinwestfalen"]
[Date "2012.02.26"]
[Round "7.2"]
[White "Zelt, Jens"]
[Black "Wagner, Norbert"]
[Result "1-0"]
[WhiteElo "2022"]
[BlackElo "2101"]
[PlyCount "81"]
[EventDate "2011.09.18"]
[EventType "team-tourn"]
[EventRounds "9"]
[EventCountry "GER"]
[SourceTitle "EXT 2020"]
[Source "ChessBase"]
[SourceDate "2019.10.17"]
[SourceVersion "1"]
[SourceVersionDate "2019.10.17"]
[SourceQuality "1"]
[WhiteTeam "Dortmund Hansa IV"]
[BlackTeam "Doppelbauer Brambauer"]
[WhiteTeamCountry "GER"]
[BlackTeamCountry "GER"]

1. d4 d5 2. Nf3 c6 3. Bf4 Bg4 4. c3 Nd7 5. Nbd2 Ngf6 6. h3 Bh5 7. Qb3 Qb6 8. e3 Bg6 9. Be2 h6 10. 0-0 e6 11. Rfc1 Ne4 12. Nxe4 Bxe4 13. Nd2 Bg6 14. c4 Be7 15. a3 0-0 16. Qc3 Rfe8 17. b4 a6 18. Nb3 Qd8 19. c5 Bf6 20. Bg4 h5 21. Bf3 e5 22. Bh2 Qe7 23. Rd1 Qe6 24. Rac1 Qf5 25. Na5 Rab8 26. a4 Bh4 27. Rf1 Bd8 28. Nb3 Qg5 29. b5 axb5 30. axb5 Bf5 31. Kh1 Re6 32. Rg1 Rg6 33. dxe5 Ra8 34. Nd4 Ra2 35. Bf4 Rxf2 36. Bxg5 Rxg5 37. bxc6 Nxe5 38. Nxf5 Rxf5 39. Rcf1 Ra2 40. Bxd5 Rg5 41. Bxa2 1-0

[Event "Ruhrgebiet Regionalliga 0910"]
[Site "Germany"]
[Date "2010.03.14"]
[Round "8.4"]
[White "Matzat, Andre"]
[Black "Wagner, Norbert"]
[Result "0-1"]
[WhiteElo "2032"]
[BlackElo "2114"]
[PlyCount "100"]
[EventDate "2009.09.06"]
[EventType "team-tourn"]
[EventRounds "9"]
[EventCountry "GER"]
[SourceTitle "EXT 2011"]
[Source "ChessBase"]
[SourceDate "2010.11.26"]
[SourceVersion "1"]
[SourceVersionDate "2010.11.26"]
[SourceQuality "1"]
[WhiteTeam "Borbeck Weisse Dame"]
[BlackTeam "Hamm Koenigsspringer"]
[WhiteTeamCountry "GER"]
[BlackTeamCountry "GER"]

1. d4 f5 2. c4 g6 3. Nc3 Bg7 4. Nf3 d6 5. e4 Nh6 6. h4 Nf7 7. h5 c6 8. hxg6 hxg6 9. Rxh8+ Nxh8 10. Bd3 e5 11. exf5 gxf5 12. dxe5 dxe5 13. Ng5 Qf6 14. Be2 Nd7 15. Nh7 Qe6 16. Bh5+ Kd8 17. Bg5+ Kc7 18. Qd2 Nf7 19. Bxf7 Qxf7 20. 0-0-0 b6 21. Qd6+ Kb7 22. Bd8 Nc5 23. Ng5 Qd7 24. Qg6 Nd3+ 25. Kc2 e4 26. Nf7 Qd4 27. Bg5 Qxf2+ 28. Rd2 Qd4 29. Nd8+ Ka6 30. Nxc6 Qxc4 31. Na5 Qb4 32. Nb3 Bxc3 33. bxc3 Qc4 34. g3 Be6 35. Qf6 Rc8 36. Rh2 Ne1+ 37. Kb2 Nf3 38. Rc2 Ne1 39. Rh2 Nd3+ 40. Kb1 Nc5 41. Nd4 Qd3+ 42. Rc2 Bd7 43. Kb2 Na4+ 44. Kc1 Nxc3 45. Kb2 Na4+ 46. Kc1 Nc3 47. Kb2 Na4+ 48. Kc1 Qf1+ 49. Kd2 Qf2+ 50. Kc1 Qe1# 0-1

[Event "Ruhrgebiet Regionalliga 0910"]
[Site "Germany"]
[Date "2010.02.21"]
[Round "7.4"]
[White "Wagner, Norbert"]
[Black "Strathoff, Jens"]
[Result "1/2-1/2"]
[WhiteElo "2114"]
[BlackElo "2060"]
[PlyCount "65"]
[EventDate "2009.09.06"]
[EventType "team-tourn"]
[EventRounds "9"]
[EventCountry "GER"]
[SourceTitle "EXT 2011"]
[Source "ChessBase"]
[SourceDate "2010.11.26"]
[SourceVersion "1"]
[SourceVersionDate "2010.11.26"]
[SourceQuality "1"]
[WhiteTeam "Hamm Koenigsspringer"]
[BlackTeam "Brackel"]
[WhiteTeamCountry "GER"]
[BlackTeamCountry "GER"]

1. d4 d5 2. c3 Nf6 3. Bf4 e6 4. e3 Bd6 5. Bg3 Bxg3 6. hxg3 Qd6 7. Nd2 Nbd7 8. Ngf3 c5 9. Bd3 h6 10. Rc1 b6 11. Qe2 Bb7 12. Bb5 Bc6 13. Bxc6 Qxc6 14. 0-0 0-0 15. c4 Qd6 16. Rfd1 Rac8 17. Qd3 Rfd8 18. Qa3 Qb8 19. b4 cxd4 20. Nxd4 Qa8 21. cxd5 Nxd5 22. N2f3 a6 23. Qb2 Qb7 24. a4 b5 25. axb5 axb5 26. Rxc8 Rxc8 27. Rc1 Rxc1+ 28. Qxc1 Nxb4 29. Qb2 Nd3 30. Qxb5 Qxb5 31. Nxb5 Nf6 32. Nc3 Ng4 33. Nd1 1/2-1/2

[Event "Marianske Lazne op"]
[Site "Marianske Lazne"]
[Date "2009.01.21"]
[Round "5"]
[White "Bebel, Arkadiusz"]
[Black "Wagner, Norbert"]
[Result "1/2-1/2"]
[WhiteElo "2249"]
[BlackElo "2100"]
[PlyCount "85"]
[EventDate "2009.01.17"]
[EventType "swiss"]
[EventRounds "9"]
[EventCountry "CZE"]
[SourceTitle "CBM 128 Extra"]
[Source "ChessBase"]
[SourceDate "2009.03.05"]
[SourceVersion "2"]
[SourceVersionDate "2009.03.25"]
[SourceQuality "1"]

1. e4 d5 2. exd5 Qxd5 3. Nc3 Qd6 4. d4 Nf6 5. Nf3 a6 6. Bd3 Bg4 7. Ne4 Nxe4 8. Bxe4 Nd7 9. c3 c6 10. h3 Bh5 11. 0-0 e6 12. Qb3 Qc7 13. Re1 Be7 14. c4 0-0 15. Bg5 f6 16. Bh4 Bf7 17. Bg3 Qc8 18. Qc2 g6 19. h4 Bd8 20. Bd3 Bc7 21. Bxc7 Qxc7 22. c5 Rae8 23. Qc3 e5 24. dxe5 Nxe5 25. Nxe5 fxe5 26. Re3 Bd5 27. h5 e4 28. Be2 Re6 29. Rf1 Ref6 30. Rg3 Qf4 31. Qe3 Qxe3 32. Rxe3 g5 33. a3 Kg7 34. b3 Rf5 35. Bd1 Kh6 36. Rc3 Rg8 37. g4 Rf4 38. Kh2 Re8 39. Re3 Ref8 40. Kg3 Kg7 41. Be2 Kf6 42. b4 Ke5 43. Kg2 1/2-1/2

[Event "Marianske Lazne op"]
[Site "Marianske Lazne"]
[Date "2008.01.23"]
[Round "6"]
[White "Haug, Marianne Wold"]
[Black "Wagner, Norbert"]
[Result "1-0"]
[WhiteElo "1753"]
[BlackElo "2131"]
[PlyCount "57"]
[EventDate "2008.01.19"]
[EventType "swiss"]
[EventRounds "9"]
[EventCountry "CZE"]
[SourceTitle "CBM 122 Extra"]
[Source "ChessBase"]
[SourceDate "2008.03.04"]
[SourceVersion "1"]
[SourceVersionDate "2008.03.04"]
[SourceQuality "1"]

1. e4 d5 2. exd5 Qxd5 3. Nc3 Qd8 4. d4 Nf6 5. Nf3 Bf5 6. Bf4 c6 7. Bc4 e6 8. 0-0 Bd6 9. Bxd6 Qxd6 10. Bd3 Bg4 11. Ne4 Qc7 12. h3 Bh5 13. Ng3 Bg6 14. Re1 Nbd7 15. c3 Bxd3 16. Qxd3 0-0-0 17. Qc2 h6 18. b4 g5 19. a4 Rdg8 20. Ne5 Rg7 21. b5 c5 22. a5 cxd4 23. Nxd7 Nxd7 24. Qd3 dxc3 25. Ra3 Kb8 26. a6 f6 27. Rxc3 Qb6 28. Rec1 Ka8 29. Qxd7 1-0

[Event "Marianske Lazne op"]
[Site "Marianske Lazne"]
[Date "2006.01.23"]
[Round "3"]
[White "Schoen, Rudolf"]
[Black "Wagner, Norbert"]
[Result "0-1"]
[WhiteElo "2005"]
[BlackElo "2088"]
[PlyCount "50"]
[EventDate "2006.01.21"]
[EventType "swiss"]
[EventRounds "9"]
[EventCountry "CZE"]
[SourceTitle "CBM 110 Extra"]
[Source "ChessBase"]
[SourceDate "2006.03.10"]
[SourceVersion "2"]
[SourceVersionDate "2006.03.10"]
[SourceQuality "1"]

1. e4 d5 2. exd5 Qxd5 3. d4 Nc6 4. Be3 e5 5. c4 Qa5+ 6. Bd2 Bb4 7. d5 Nd4 8. Nc3 Bf5 9. Rc1 c6 10. a3 Be7 11. Nb5 Qb6 12. Nxd4 Qxd4 13. Qb3 cxd5 14. cxd5 Nf6 15. Bb5+ Kf8 16. Ne2 Qxd5 17. Bc4 Qxg2 18. Rg1 Qxh2 19. Bb4 Re8 20. Bxf7 Bxb4+ 21. Qxb4+ Kxf7 22. Rc7+ Bd7 23. Qd6 Qh3 24. Rxb7 g6 25. Rg3 Qh1+ 0-1